Statistics for Countries That Produce The Most Refrigerators

Click here to take the quiz!

General Stats

  • This quiz has been taken 75 times
  • The average score is 14 of 20

Answer Stats

% Of Total ProducedAnswer% Correct
5.53%United States
100%
23.6%China
98%
1.31%Japan
90%
3.16%France
88%
5.31%Germany
88%
1.12%Spain
83%
6.96%Italy
82%
11.0%Mexico
80%
4.79%South Korea
80%
3.15%Poland
77%
1.56%Netherlands
73%
1.46%Sweden
72%
4.33%Turkey
68%
1.76%Austria
58%
1.09%Hungary
52%
2.00%Czech Republic
48%
1.04%Romania
43%
4.29%Thailand
42%
1.19%Ireland
38%
1.28%Singapore
18%

Score Distribution

Percentile by Number Answered

Percent of People with Each Score

Your Score History

You have not taken this quiz